Normal view
MARC view
Entry Personal Name
001 - CONTROL NUMBER
- control field: 263655
003 - CONTROL NUMBER IDENTIFIER
- control field: OSt
005 - DATE AND TIME OF LATEST TRANSACTION
- control field: 20260508151536.0
008 - FIXED-LENGTH DATA ELEMENTS
- fixed length control field: 260508|| aca||aabn | a|a d
040 ## - CATALOGING SOURCE
- Original cataloging agency: OSt
- Transcribing agency: OSt
100 ## - HEADING--PERSONAL NAME
- Personal name: NIRANJANA (Vanalli).
- Dates associated with a name: ನಿರಂಜನ (ವಾನಳ್ಳಿ)
670 ## - SOURCE DATA FOUND
- Source citation: Work cat.: (OSt)95924: NIRANJANA (Vanalli). ನಿರಂಜನ (ವಾನಳ್ಳಿ), Suddiyaste alla., 1992